00897nam a2200217 i 4500001000700000003000900007005001700016007000300033008004100036080002100077100003900098245009300137260008000230300002200310530003500332852002600367856011700393942000800510999001900518952014200537110567ES-MaACL20251120111712.0t|070201q1920 sp ||||1| spa d a821.134.2-92"19"1 aSáenz-Torre Rico, Pedro.921669214aLos pasos de la vida b: en compendio y recopilación / cpor Pedro Sáenz-Torre Rico. aLogroño : b[s.n., cca. 1920] (fImp. y Librería General Santos Ochoa) a119 p. ; c18 cm. aDisponible en formato digital. aES-MaACLjD-3523cSVI4 uhttp://bibliotecavirtual.larioja.org/bvrioja/i18n/consulta/registro.do?id=2755y(Biblioteca Virtual de La Rioja) 2udc c110567d110567 001040708Colección_digitalaATENEOMbATENEOMcSVId2008-01-17eSCl0oD-3523p901115361r2023-02-23 00:00:00w2023-02-23yMONOGRAFIA